<?xml version="1.0" encoding="UTF-8"?>
<record
    xmlns:xsi="http://www.w3.org/2001/XMLSchema-instance"
    xsi:schemaLocation="http://www.loc.gov/MARC21/slim http://www.loc.gov/standards/marcxml/schema/MARC21slim.xsd"
    xmlns="http://www.loc.gov/MARC21/slim">

  <leader>03132cam a22004694i 4500</leader>
  <controlfield tag="003">PE-LiUPU</controlfield>
  <controlfield tag="005">20250731165419.0</controlfield>
  <controlfield tag="008">151216s2010    pe     grm    000 0 spa d</controlfield>
  <datafield tag="035" ind1=" " ind2=" ">
    <subfield code="a">(Sirsi) a155544</subfield>
  </datafield>
  <datafield tag="040" ind1=" " ind2=" ">
    <subfield code="a">PE-LiUPU</subfield>
    <subfield code="b">spa</subfield>
    <subfield code="c">PE-LiUPU</subfield>
    <subfield code="e">rda</subfield>
  </datafield>
  <datafield tag="082" ind1="0" ind2="4">
    <subfield code="a">371.154</subfield>
    <subfield code="b">A65 T3</subfield>
  </datafield>
  <datafield tag="099" ind1=" " ind2=" ">
    <subfield code="a">TA 3</subfield>
    <subfield code="b">A65 2010</subfield>
  </datafield>
  <datafield tag="100" ind1="1" ind2=" ">
    <subfield code="a">Arana Rodr&#xED;guez, Maritza Soledad</subfield>
    <subfield code="e">autor</subfield>
  </datafield>
  <datafield tag="245" ind1="1" ind2="3">
    <subfield code="a">La motivaci&#xF3;n medida en sus factores extr&#xED;nsecos e intr&#xED;nsecos y su relaci&#xF3;n con la satisfacci&#xF3;n laboral del personal del Colegio Uni&#xF3;n, 2009 /</subfield>
    <subfield code="M">aritza Soledad Arana Rodr&#xED;guez.</subfield>
  </datafield>
  <datafield tag="264" ind1=" " ind2="0">
    <subfield code="c">2010.</subfield>
  </datafield>
  <datafield tag="300" ind1=" " ind2=" ">
    <subfield code="a">85 hojas </subfield>
    <subfield code="c">30 cm</subfield>
  </datafield>
  <datafield tag="336" ind1=" " ind2=" ">
    <subfield code="a">text</subfield>
    <subfield code="2">rdacontent</subfield>
  </datafield>
  <datafield tag="337" ind1=" " ind2=" ">
    <subfield code="a">unmediated</subfield>
    <subfield code="2">rdamedia</subfield>
  </datafield>
  <datafield tag="338" ind1=" " ind2=" ">
    <subfield code="a">volume</subfield>
    <subfield code="2">rdacarrier</subfield>
  </datafield>
  <datafield tag="502" ind1=" " ind2=" ">
    <subfield code="a">Tesis</subfield>
    <subfield code="b">(Mg.) -- </subfield>
    <subfield code="c">Universidad Peruana Uni&#xF3;n,</subfield>
    <subfield code="d">2010.</subfield>
  </datafield>
  <datafield tag="504" ind1=" " ind2=" ">
    <subfield code="a">Incluye referencias</subfield>
  </datafield>
  <datafield tag="520" ind1="3" ind2=" ">
    <subfield code="a">Actualmente son cada vez m&#xE1;s las empresas que est&#xE1;n considerando la satisfacci&#xF3;n del personal como una ventaja competitiva que las diferencia de las dem&#xE1;s. Por lo tanto la medici&#xF3;n de la Motivaci&#xF3;n y Satisfacci&#xF3;n laboral constituye una tarea necesaria como indicadores de la productividad y el desempe&#xF1;o laboral. El presente estudio tuvo como objetivo determinar la relaci&#xF3;n de la motivaci&#xF3;n medida en sus factores extr&#xED;nsecos e intr&#xED;nsecos y la satisfacci&#xF3;n laboral del personal del Colegio Uni&#xF3;n. El m&#xE9;todo fue descriptivo correlacional can&#xF3;nica y de corte transversal; la poblaci&#xF3;n estuvo conformada por 51 trabajadores del Colegio Uni&#xF3;n, la t&#xE9;cnica fue la encuesta y el instrumento una ficha de evaluaci&#xF3;n tipo cuestionario con escala de Likert, encontr&#xE1;ndose los siguientes resultados: Existe relaci&#xF3;n conjunta significativa entre las variables predictoras factores extr&#xED;nsecos o de higiene y factores intr&#xED;nsecos o motivadores (Motivaci&#xF3;n) y las variables de criterio contenido del trabajo, trabajo en equipo, incentivos laborales, condiciones de trabajo (Satisfacci&#xF3;n laboral), (Hotellings=1.872, p=.000). Los coeficientes de determinaci&#xF3;n m&#xFA;ltiples son altamente significativos para las variables de criterio con relaci&#xF3;n al conjunto de variables predictoras (Contenido de trabajo r2 =.282, p=.000, Trabajo en equipo r2 =.194, p=.006, Incentivos laborales r2 =.564, p=.000, Condiciones de trabajo r2 =.399, p=.000). En conclusi&#xF3;n la motivaci&#xF3;n presenta correlaciones altamente significativas con las variables de criterio: contenido de trabajo, trabajo en equipo, incentivos laborales, condiciones de trabajo y con la satisfacci&#xF3;n laboral.</subfield>
  </datafield>
  <datafield tag="526" ind1=" " ind2=" ">
    <subfield code="a">SEG44</subfield>
  </datafield>
  <datafield tag="526" ind1=" " ind2=" ">
    <subfield code="a">SEG26</subfield>
  </datafield>
  <datafield tag="526" ind1=" " ind2=" ">
    <subfield code="a">P151</subfield>
  </datafield>
  <datafield tag="526" ind1=" " ind2=" ">
    <subfield code="a">P150</subfield>
  </datafield>
  <datafield tag="526" ind1=" " ind2=" ">
    <subfield code="a">P149</subfield>
  </datafield>
  <datafield tag="526" ind1=" " ind2=" ">
    <subfield code="a">P146</subfield>
  </datafield>
  <datafield tag="526" ind1=" " ind2=" ">
    <subfield code="a">P145</subfield>
  </datafield>
  <datafield tag="526" ind1=" " ind2=" ">
    <subfield code="a">P126</subfield>
  </datafield>
  <datafield tag="526" ind1=" " ind2=" ">
    <subfield code="a">P125</subfield>
  </datafield>
  <datafield tag="526" ind1=" " ind2=" ">
    <subfield code="a">P92</subfield>
  </datafield>
  <datafield tag="526" ind1=" " ind2=" ">
    <subfield code="a">P75</subfield>
  </datafield>
  <datafield tag="526" ind1=" " ind2=" ">
    <subfield code="a">P74</subfield>
  </datafield>
  <datafield tag="526" ind1=" " ind2=" ">
    <subfield code="a">P27</subfield>
  </datafield>
  <datafield tag="526" ind1=" " ind2=" ">
    <subfield code="a">P15</subfield>
  </datafield>
  <datafield tag="650" ind1="0" ind2="4">
    <subfield code="a">Educadores</subfield>
    <subfield code="x">Motivaci&#xF3;n</subfield>
    <subfield code="v">Tesis.</subfield>
  </datafield>
  <datafield tag="650" ind1="0" ind2="4">
    <subfield code="a">Educadores</subfield>
    <subfield code="x">Satisfacci&#xF3;n en el trabajo</subfield>
    <subfield code="v">Tesis.</subfield>
  </datafield>
  <datafield tag="596" ind1=" " ind2=" ">
    <subfield code="a">1</subfield>
  </datafield>
  <datafield tag="942" ind1=" " ind2=" ">
    <subfield code="2">ddc</subfield>
    <subfield code="c">TESIS</subfield>
  </datafield>
  <datafield tag="999" ind1=" " ind2=" ">
    <subfield code="a">TA 3 A65 2010</subfield>
    <subfield code="w">ALPHANUM</subfield>
    <subfield code="c">8219</subfield>
    <subfield code="i">T01179</subfield>
    <subfield code="l">CCODEBUL3</subfield>
    <subfield code="m">BUL</subfield>
    <subfield code="r">1</subfield>
    <subfield code="s">Y</subfield>
    <subfield code="t">TESIS</subfield>
    <subfield code="u">2015-12-16</subfield>
    <subfield code="x">POSGRADO</subfield>
    <subfield code="P">P47</subfield>
    <subfield code="o">.STAFF. Tesis</subfield>
    <subfield code="d">8219</subfield>
  </datafield>
  <datafield tag="980" ind1=" " ind2=" ">
    <subfield code="8">1</subfield>
    <subfield code="g">ALBERTO SANCHEZ Responsable de Automatizaci&#xF3;n</subfield>
  </datafield>
  <datafield tag="952" ind1=" " ind2=" ">
    <subfield code="r">2023-05-23 00:00:00</subfield>
    <subfield code="l">0</subfield>
    <subfield code="o">TA 3 A65 2010</subfield>
    <subfield code="p">T01179</subfield>
    <subfield code="t">e1</subfield>
    <subfield code="w">2015-12-16</subfield>
    <subfield code="x">PG</subfield>
    <subfield code="y">TESIS</subfield>
    <subfield code="z">Este &#xCD;tem NO se presta por ser Ejemplar #1.</subfield>
    <subfield code="1">0</subfield>
    <subfield code="2">ddc</subfield>
    <subfield code="7">1</subfield>
    <subfield code="8">TESIS</subfield>
    <subfield code="f">P47</subfield>
    <subfield code="a">BUL</subfield>
    <subfield code="b">BUL</subfield>
    <subfield code="c">TESIS</subfield>
    <subfield code="d">2015-12-16</subfield>
  </datafield>
</record>
